[Event "Mallorca-ch U18"]
[Site "Mallorca"]
[Date "2019.04.20"]
[Round "3"]
[White "Sureda Gonzalez, Miquel"]
[Black "Turcu, Darin"]
[Result "1-0"]
[WhiteElo "1550"]
[BlackElo "1497"]
[PlyCount "51"]
[EventDate "2019.04.19"]
[EventType "swiss"]
[EventRounds "5"]
[EventCountry "ESP"]
[SourceTitle "EXT 2024"]
[Source "ChessBase"]
[SourceDate "2023.10.10"]
[SourceVersion "1"]
[SourceVersionDate "2023.10.10"]
[SourceQuality "1"]

1. e4 e6 2. d4 d5 3. Nc3 Nf6 4. e5 Nfd7 5. Nf3 c5 6. dxc5 Bxc5 7. Bd3 Nc6 8. Bf4 Qb6 9. 0-0 Qxb2 10. Nb5 Qb4 11. Bd2 Qg4 12. Nc7+ Kd8 13. Nxa8 h6 14. h3 Qg3 15. Qe2 f5 16. Be3 Bxe3 17. Qxe3 Qg6 18. c4 Ne7 19. Qxa7 Qf7 20. Qa5+ Ke8 21. Nc7+ Kf8 22. cxd5 Nb8 23. Nxe6+ Bxe6 24. Qd8+ Qe8 25. Qxe8+ Kxe8 26. dxe6 1-0

[Event "Port de Pollensa op"]
[Site "Port de Pollenca"]
[Date "2019.03.24"]
[Round "7"]
[White "Turcu, Darin"]
[Black "Tattersall Rodriguez, Lester Antonio"]
[Result "0-1"]
[WhiteElo "1437"]
[BlackElo "2248"]
[PlyCount "50"]
[EventDate "2019.03.18"]
[EventType "swiss"]
[EventRounds "7"]
[EventCountry "ESP"]
[SourceTitle "CBM 189 Extra"]
[Source "ChessBase"]
[SourceDate "2019.06.03"]
[SourceVersion "1"]
[SourceVersionDate "2019.06.03"]
[SourceQuality "1"]

1. d4 e6 2. c4 Nf6 3. Nf3 b6 4. Nc3 Bb4 5. Bg5 Bb7 6. e3 h6 7. Bxf6 Qxf6 8. Be2 c5 9. 0-0 cxd4 10. Nxd4 0-0 11. Ndb5 Qe5 12. a3 Be7 13. Qc2 Nc6 14. Rfd1 Rfd8 15. b4 Rac8 16. Qb3 a5 17. Nd4 axb4 18. Nxc6 Rxc6 19. axb4 d5 20. Rac1 Bd6 21. g3 Rdc8 22. Nb5 Bb8 23. Nd4 R6c7 24. Nb5 dxc4 25. Bxc4 Qe4 0-1

[Event "Port de Pollensa op"]
[Site "Port de Pollenca"]
[Date "2019.03.21"]
[Round "4"]
[White "Turcu, Darin"]
[Black "Juan Mas, Santiago"]
[Result "1/2-1/2"]
[WhiteElo "1437"]
[BlackElo "2043"]
[PlyCount "44"]
[EventDate "2019.03.18"]
[EventType "swiss"]
[EventRounds "7"]
[EventCountry "ESP"]
[SourceTitle "CBM 189 Extra"]
[Source "ChessBase"]
[SourceDate "2019.06.03"]
[SourceVersion "1"]
[SourceVersionDate "2019.06.03"]
[SourceQuality "1"]

1. e4 g6 2. Nf3 Bg7 3. d3 c5 4. g3 Nc6 5. Bg2 Nf6 6. Nbd2 d5 7. 0-0 0-0 8. Re1 Qc7 9. Nf1 dxe4 10. dxe4 Rd8 11. Qe2 Bg4 12. c3 Nh5 13. h3 Bc8 14. N1h2 h6 15. Ng4 Kh7 16. Qc4 Be6 17. Qxc5 Qd7 18. Nfe5 Nxe5 19. Nxe5 Bxe5 20. Qxe5 Bxh3 21. Bxh3 Qxh3 22. Qxe7 Rd7 1/2-1/2

[Event "Port de Pollensa op"]
[Site "Port de Pollenca"]
[Date "2019.03.18"]
[Round "1"]
[White "Gastanares Lopez, Javier"]
[Black "Turcu, Darin"]
[Result "0-1"]
[WhiteElo "2054"]
[BlackElo "1437"]
[PlyCount "54"]
[EventDate "2019.03.18"]
[EventType "swiss"]
[EventRounds "7"]
[EventCountry "ESP"]
[SourceTitle "CBM 189 Extra"]
[Source "ChessBase"]
[SourceDate "2019.06.03"]
[SourceVersion "1"]
[SourceVersionDate "2019.06.03"]
[SourceQuality "1"]

1. c4 Nf6 2. g3 g6 3. Bg2 d5 4. Nf3 Bg7 5. 0-0 0-0 6. cxd5 Nxd5 7. d4 Nc6 8. e4 Nb6 9. d5 Ne5 10. Nxe5 Bxe5 11. Nc3 e6 12. Bh6 Re8 13. f4 Bh8 14. Qf3 exd5 15. exd5 Bf5 16. g4 Qh4 17. gxf5 Qxh6 18. fxg6 hxg6 19. b3 Bd4+ 20. Kh1 Re3 21. Qf2 Rd3 22. Qe2 Rxc3 23. Qd2 Bg7 24. Rae1 Rd8 25. Re7 Bf6 26. Rfe1 Bxe7 27. Rxe7 Rc5 0-1

[Event "Port de Pollenca IRT op"]
[Site "Pollenca"]
[Date "2018.03.22"]
[Round "4"]
[White "Turcu, Darin"]
[Black "Serra Canaves, Antonio"]
[Result "0-1"]
[WhiteElo "1189"]
[BlackElo "1806"]
[PlyCount "76"]
[EventDate "2018.03.19"]
[EventType "swiss"]
[EventRounds "5"]
[EventCountry "ESP"]
[SourceTitle "EXT 2020"]
[Source "ChessBase"]
[SourceDate "2019.10.17"]
[SourceVersion "1"]
[SourceVersionDate "2019.10.17"]
[SourceQuality "1"]

1. e4 c5 2. Nc3 Nc6 3. Bc4 e6 4. a3 a6 5. f4 Nge7 6. Ba2 g6 7. d3 Bg7 8. Nf3 0-0 9. 0-0 b5 10. Ne2 Bb7 11. Qe1 d5 12. e5 Nf5 13. g4 Nfe7 14. Qh4 f6 15. c4 bxc4 16. dxc4 d4 17. Bd2 a5 18. Rf2 a4 19. Rg2 d3 20. Nc3 Nd4 21. Nxd4 Bxg2 22. Nxe6 Qd7 23. Nxf8 Rxf8 24. Kxg2 fxe5 25. Rf1 exf4 26. Nb5 Bxb2 27. Rxf4 Rxf4 28. Bxf4 d2 29. Bxd2 Qxd2+ 30. Qf2 Qxf2+ 31. Kxf2 Kf7 32. Ke3 Ke6 33. Ke4 Nc6 34. Bb1 Ne5 35. Nc7+ Kd6 36. Ne8+ Ke7 37. Kd5 Kxe8 38. Kxc5 Bxa3+ 0-1

[Event "Port de Pollenca IRT op"]
[Site "Pollenca"]
[Date "2018.03.20"]
[Round "2"]
[White "Perez Gandesa, Jose Antonio"]
[Black "Turcu, Darin"]
[Result "1-0"]
[WhiteElo "1825"]
[BlackElo "1189"]
[PlyCount "99"]
[EventDate "2018.03.19"]
[EventType "swiss"]
[EventRounds "5"]
[EventCountry "ESP"]
[SourceTitle "EXT 2020"]
[Source "ChessBase"]
[SourceDate "2019.10.17"]
[SourceVersion "1"]
[SourceVersionDate "2019.10.17"]
[SourceQuality "1"]

1. d4 d5 2. Bg5 f6 3. Bh4 Nh6 4. e3 Nf5 5. Bd3 h5 6. Bxf5 Bxf5 7. h3 Bg6 8. Nf3 Nc6 9. c3 Bf7 10. Nbd2 g5 11. Bg3 h4 12. Bh2 e6 13. e4 dxe4 14. Nxe4 Be7 15. Qe2 a6 16. Qe3 Na5 17. Ned2 Bd6 18. Bxd6 Qxd6 19. Ne4 Qe7 20. Qe2 b6 21. b4 Nb7 22. Qc4 0-0 23. Qe2 Nd6 24. 0-0 Bg6 25. Ned2 b5 26. Rfe1 Rfe8 27. a4 c6 28. Nb3 Nc4 29. Nc5 Bf7 30. Qe4 bxa4 31. Rxa4 Nb6 32. Rxa6 f5 33. Qxc6 Rxa6 34. Nxa6 Nd5 35. c4 Nxb4 36. Nxb4 Qxb4 37. Re5 Qb1+ 38. Kh2 Qc1 39. Re3 Qc2 40. Kg1 Qc1+ 41. Re1 Qf4 42. d5 g4 43. dxe6 Bh5 44. Nxh4 Qd2 45. Ra1 f4 46. hxg4 Qd4 47. Rf1 Qe5 48. gxh5 Rxe6 49. Qc8+ Re8 50. Qg4+ 1-0

[Event "Santa Margalida Mallorca-ch"]
[Site "Santa Margalida"]
[Date "2016.11.25"]
[Round "5"]
[White "Matas Artigues, Josep"]
[Black "Turcu, Darin"]
[Result "1-0"]
[WhiteElo "1731"]
[BlackElo "1213"]
[PlyCount "55"]
[EventDate "2016.11.11"]
[EventType "swiss"]
[EventRounds "8"]
[EventCountry "ESP"]
[SourceTitle "EXT 2018"]
[Source "ChessBase"]
[SourceDate "2017.10.13"]
[SourceVersion "1"]
[SourceVersionDate "2017.10.13"]
[SourceQuality "1"]

1. Nf3 Nf6 2. d4 e6 3. c4 c5 4. d5 d6 5. Nc3 a6 6. g3 Be7 7. Bg2 h6 8. 0-0 Bd7 9. Qb3 Qc7 10. a4 e5 11. a5 Bd8 12. e4 0-0 13. h3 b5 14. axb6 Qxb6 15. Qxb6 Bxb6 16. Be3 a5 17. Nd2 Na6 18. f4 Rfe8 19. fxe5 Rxe5 20. Bf4 Ree8 21. Bxd6 Bc7 22. Bxc7 Nxc7 23. b3 Re5 24. Nf3 Ree8 25. Na4 Reb8 26. Nxc5 Na6 27. Nxd7 Nxd7 28. Nd4 1-0

[Event "Palma de Mallorca Arenal op"]
[Site "Palma de Mallorca"]
[Date "2016.10.21"]
[Round "2"]
[White "Hermida Izquierdo, Miguel Angel"]
[Black "Turcu, Darin"]
[Result "1-0"]
[WhiteElo "1671"]
[BlackElo "1213"]
[PlyCount "55"]
[EventDate "2016.10.20"]
[EventType "swiss"]
[EventRounds "7"]
[EventCountry "ESP"]
[SourceTitle "EXT 2018"]
[Source "ChessBase"]
[SourceDate "2017.10.13"]
[SourceVersion "1"]
[SourceVersionDate "2017.10.13"]
[SourceQuality "1"]

1. c4 e5 2. Nc3 d6 3. g3 Be6 4. d3 Nd7 5. Bg2 c6 6. e4 c5 7. Nge2 Be7 8. 0-0 h6 9. h3 Bf6 10. Rb1 a5 11. Nb5 Qb6 12. Nec3 Ne7 13. Na4 Qc6 14. f4 0-0 15. f5 Nxf5 16. exf5 Qa6 17. fxe6 fxe6 18. Qg4 Rae8 19. Bxh6 Re7 20. Nc7 Qa7 21. Nxe6 Rff7 22. Nd8 Rf8 23. Bd5+ Kh7 24. Bxg7 Bxg7 25. Qh5+ Bh6 26. Be4+ Kg7 27. Qg6+ Kh8 28. Qxh6+ 1-0

[Event "Balears-ch Amateurs"]
[Site "Palma de Mallorca"]
[Date "2016.03.25"]
[Round "2"]
[White "Vicens Company, Francesc"]
[Black "Turcu, Darin"]
[Result "0-1"]
[WhiteElo "1594"]
[BlackElo "1097"]
[PlyCount "90"]
[EventDate "2016.03.24"]
[EventType "swiss"]
[EventRounds "6"]
[EventCountry "ESP"]
[SourceTitle "CBM 171 Extra"]
[Source "ChessBase"]
[SourceDate "2016.04.26"]
[SourceVersion "1"]
[SourceVersionDate "2016.04.26"]
[SourceQuality "1"]

1. d4 Nf6 2. Nf3 g6 3. Bf4 d6 4. e3 Bg7 5. Bd3 Nc6 6. c3 0-0 7. Nbd2 Be6 8. 0-0 h5 9. Qc2 Qe8 10. b4 a6 11. b5 axb5 12. Bxb5 Ra5 13. c4 Bg4 14. Nb3 Ra7 15. d5 Bf5 16. Qe2 Ne4 17. Rac1 Nc3 18. Rxc3 Bxc3 19. c5 Bg4 20. dxc6 Bxf3 21. Qxf3 bxc6 22. Bxc6 Qb8 23. cxd6 cxd6 24. e4 Bf6 25. Qe2 Qb4 26. Nc1 e6 27. a4 d5 28. exd5 Qxf4 29. dxe6 fxe6 30. Qxe6+ Kg7 31. Nd3 Qd2 32. Bb5 Re7 33. Qc4 Ref7 34. Nc5 Kh6 35. Ne4 Qf4 36. Qd3 Be5 37. g3 Qf5 38. Qe3+ Kg7 39. Rd1 Qg4 40. Rd5 Rf5 41. Rd7+ R8f7 42. Nd6 Qd1+ 43. Kg2 Bxd6 44. Qe6 Qf3+ 45. Kh3 Qg4+ 0-1